Exclusión: la otra cara de la globalización /
Guardado en:
| Autor principal: | |
|---|---|
| Formato: | Texto |
| Lenguaje: | Spanish |
| Materias: | |
| Etiquetas: |
Agregar Etiqueta
Sin Etiquetas, Sea el primero en etiquetar este registro!
|
MARC
| LEADER | 00000 a a2200000 04500 | ||
|---|---|---|---|
| 001 | 316 | ||
| 003 | cru CIDCACS/IIS | ||
| 005 | 20230328143101.0 | ||
| 008 | 230328b |||||||| |||| 00| 0 spa d | ||
| 040 | |c cru CIDCACS/IIS | ||
| 100 | |a Ugarteche, Oscar | ||
| 245 | |a Exclusión: |b la otra cara de la globalización / |c Oscar Ugarteche | ||
| 650 | |a LIBERALIZACION DEL INTERCAMBIO | ||
| 650 | |a EXCLUSION SOCIAL | ||
| 650 | |a ESTADO | ||
| 650 | |a DESEMPLEO | ||
| 650 | |a POBREZA | ||
| 650 | |a CONSUMO | ||
| 650 | |a CRECIMIENTO ECONOMICO | ||
| 650 | |a DESARROLLO ECONOMICO Y SOCIAL | ||
| 650 | |a INTEGRACION REGIONAL | ||
| 650 | |a NEOLIBERALISMO | ||
| 650 | |a INGRESO | ||
| 650 | |a GASTOS | ||
| 650 | |a ECONOMIA | ||
| 773 | |g volumen 23, número 300; páginas 12-16 | ||
| 773 | 0 | |0 42391 |9 3511 |a Agencia Latinoamericana de Información, ALAI |d Quito, Ecuador: ALAI |o 08338 |t ALAI: |x 08275564 | |
| 942 | |2 ddc |c PP | ||
| 999 | |c 22536 |d 22536 | ||
